[Event "69. UEM M2"]
[Site "Schweinfurt / Germany"]
[Date "2018.04.02"]
[Round "1.11"]
[White "Barthel, Fabian"]
[Black "Brückner, Alexander"]
[Result "1/2-1/2"]
[WhiteElo "1589"]
[BlackElo "1846"]
[Annotator "Lukas, Norbert"]
[PlyCount "129"]
[EventDate "2018.04.02"]
[EventType "swiss"]
[EventRounds "9"]
[EventCountry "GER"]
[SourceTitle "69. UEM"]
[Source "SK SW 2000 e.V."]
[SourceDate "2018.04.08"]
[SourceVersion "1"]
[SourceVersionDate "2018.04.08"]
[SourceQuality "1"]
[WhiteTeam "SV Würzburg von 1865 e.V."]
[BlackTeam "Schachklub Schweinfurt 2000 e.V."]

1. d4 d5 2. c4 e6 3. Nc3 Be7 4. Nf3 Nf6 5. Bf4 O-O 6. e3 b6 7. Qc2 Bb7 8. a3 c5
9. dxc5 bxc5 10. cxd5 exd5 11. Be2 Nbd7 12. O-O Rc8 13. Rfd1 Qb6 14. Ne5 Nxe5
15. Bxe5 Rfd8 16. Bf3 d4 17. Na4 Qb5 18. Bxb7 Qxb7 19. exd4 cxd4 20. Qd3 Qd5
21. Bxf6 Bxf6 22. b4 Rc4 23. Rd2 Qc6 24. Qb3 Re8 25. Rad1 Rc1 26. Kf1 Qb5+ 27.
Rd3 Qe5 28. g3 Qe4 29. Kg1 Qc6 30. Rxc1 Qxc1+ 31. Rd1 Re1+ 32. Rxe1 Qxe1+ 33.
Kg2 h6 34. Nc5 Qc3 35. Qa4 Qc4 36. Kf3 d3 37. Qe8+ Kh7 38. Qe4+ Qxe4+ 39. Nxe4
Bb2 40. a4 Bd4 41. b5 Kg6 42. g4 f5 43. Nd2 fxg4+ 44. Kxg4 Bxf2 45. Kf4 Bb6 46.
Ke4 Kf6 47. Kxd3 Ke6 48. Ke4 Bc7 49. h3 Kd6 50. Nb3 g6 51. a5 Bd8 52. b6 axb6
53. a6 Kc7 54. Nd4 Bf6 55. Nb5+ Kb8 56. Kd5 Bh4 57. Ke6 h5 58. Ke5 Bg5 59. Ke4
Bf6 60. Kf4 Bh4 61. Kf3 Bf6 62. Kg3 g5 63. Kf3 Be5 64. Ke3 g4 65. hxg4 1/2-1/2

[Event "69. UEM M2"]
[Site "Schweinfurt / Germany"]
[Date "2018.04.03"]
[Round "2.6"]
[White "Kuhn, Norbert"]
[Black "Drescher, Frank"]
[Result "1-0"]
[WhiteElo "2084"]
[BlackElo "1950"]
[Annotator "Lukas, Norbert"]
[PlyCount "39"]
[EventDate "2018.04.02"]
[EventType "swiss"]
[EventRounds "9"]
[EventCountry "GER"]
[SourceTitle "69. UEM"]
[Source "SK SW 2000 e.V."]
[SourceDate "2018.04.08"]
[SourceVersion "1"]
[SourceVersionDate "2018.04.08"]
[SourceQuality "1"]

1. e4 c5 2. Nf3 Nc6 3. b4 cxb4 4. d4 d5 5. exd5 Qxd5 6. c4 Qd8 7. d5 Nb8 8.
Qa4+ Bd7 9. Qxb4 Qc8 10. Bb2 Nf6 11. Qd2 Bf5 12. Bd3 Bxd3 13. Qxd3 Nbd7 14. O-O
Qc7 15. Re1 O-O-O 16. Ng5 Nc5 17. Qa3 e6 18. Be5 Qd7 19. Qxa7 Na6 20. Qa8+ 1-0

[Event "69. UEM M2"]
[Site "Schweinfurt / Germany"]
[Date "2018.04.03"]
[Round "2.7"]
[White "Basel, Moritz"]
[Black "Basel, Matthias"]
[Result "0-1"]
[WhiteElo "1871"]
[BlackElo "2071"]
[Annotator "Lukas, Norbert"]
[PlyCount "52"]
[EventDate "2018.04.02"]
[EventType "swiss"]
[EventRounds "9"]
[EventCountry "GER"]
[SourceTitle "69. UEM"]
[Source "SK SW 2000 e.V."]
[SourceDate "2018.04.08"]
[SourceVersion "1"]
[SourceVersionDate "2018.04.08"]
[SourceQuality "1"]

1. d4 Nf6 2. c4 g6 3. Nc3 Bg7 4. e4 d6 5. Nf3 O-O 6. Be2 c5 7. h3 cxd4 8. Nxd4
Nc6 9. Be3 Bd7 10. O-O Rc8 11. f4 a6 12. Qd2 Nxd4 13. Bxd4 Bc6 14. Bf3 b5 15.
Nd5 e5 16. fxe5 dxe5 17. Bxe5 Nxe4 18. Qf4 Bxe5 19. Qxe5 Bxd5 20. cxd5 Qb6+ 21.
Kh1 Nd2 22. Rfe1 Nxf3 23. gxf3 Qf2 24. Qe2 Qh4 25. Kh2 Qf4+ 26. Kh1 Qf5 0-1

[Event "69. UEM M2"]
[Site "Schweinfurt / Germany"]
[Date "2018.04.03"]
[Round "2.11"]
[White "Böckler, Michael"]
[Black "Pommeranz, Mika"]
[Result "1/2-1/2"]
[WhiteElo "1730"]
[BlackElo "1795"]
[Annotator "Lukas, Norbert"]
[PlyCount "146"]
[EventDate "2018.04.02"]
[EventType "swiss"]
[EventRounds "9"]
[EventCountry "GER"]
[SourceTitle "69. UEM"]
[Source "SK SW 2000 e.V."]
[SourceDate "2018.04.08"]
[SourceVersion "1"]
[SourceVersionDate "2018.04.08"]
[SourceQuality "1"]
[WhiteTeam "TSV 1928 Trappstadt SAbt."]
[BlackTeam "SC 1930 Großwelzheim"]

1. d4 f5 2. e4 fxe4 3. Nc3 Nf6 4. f3 d6 5. fxe4 e5 6. dxe5 Ng4 7. Nf3 Nc6 8.
Bc4 Ncxe5 9. Nxe5 Nxe5 10. Bb3 Bg4 11. Qd2 Qh4+ 12. Qf2 Qxf2+ 13. Kxf2 O-O-O
14. h3 Bd7 15. Bg5 Re8 16. Rhf1 Be7 17. Be3 Bh4+ 18. Kg1 Rhf8 19. Rxf8 Rxf8 20.
Rf1 Rxf1+ 21. Kxf1 Bc6 22. Bd4 Bf6 23. Bxe5 Bxe5 24. Nd5 Bb5+ 25. c4 Be8 26.
Nc3 Bxc3 27. bxc3 Bg6 28. Bc2 Kd7 29. Ke2 Ke6 30. Ke3 Ke5 31. a3 h6 32. h4 c6
33. Bd3 Bh7 34. g3 Bg6 35. Bc2 d5 36. cxd5 cxd5 37. Bb3 dxe4 38. Bc2 Kd5 39.
Bb3+ Ke5 40. Bc2 b6 41. Bb1 Kd5 42. Ba2+ Kc5 43. Bb3 Kb5 44. Kd4 Ka5 45. Ke3 b5
46. Kd4 Kb6 47. Bd1 Kc6 48. Be2 a6 49. Bd1 Kd6 50. Bb3 Ke7 51. Ke3 Kf6 52. Kf4
Bh7 53. Bd1 g5+ 54. hxg5+ hxg5+ 55. Ke3 Kf5 56. Be2 Bg8 57. Bd1 Bc4 58. Bh5 Ke5
59. Bd1 Bd3 60. Bh5 Bc2 61. Be8 Bb3 62. Bc6 Bc2 63. Be8 Kd5 64. Bf7+ Kc5 65.
Kd2 Bd3 66. Bb3 Bc4 67. Bd1 a5 68. Ke3 Bd3 69. Bb3 a4 70. Ba2 Bc4 71. Bb1 Bd5
72. Kd2 Bc6 73. Ba2 Bd5 1/2-1/2

[Event "69. UEM M2"]
[Site "Schweinfurt / Germany"]
[Date "2018.04.03"]
[Round "2.10"]
[White "Mueller, Gerhard"]
[Black "Ullrich, Daniel"]
[Result "1-0"]
[WhiteElo "1799"]
[BlackElo "1691"]
[Annotator "Lukas, Norbert"]
[PlyCount "85"]
[EventDate "2018.04.02"]
[EventType "swiss"]
[EventRounds "9"]
[EventCountry "GER"]
[SourceTitle "69. UEM"]
[Source "SK SW 2000 e.V."]
[SourceDate "2018.04.08"]
[SourceVersion "1"]
[SourceVersionDate "2018.04.08"]
[SourceQuality "1"]
[WhiteTeam "SC Bad Königshofen 1957"]
[BlackTeam "SC 1947 Bergrheinfeld"]

1. e4 c5 2. Nf3 Nc6 3. Bb5 e6 4. Bxc6 bxc6 5. c4 d5 6. d3 Ne7 (6... Nf6 7. Be3)
7. Be3 Ng6 8. O-O d4 9. Bd2 Bd6 10. Qe1 e5 11. h3 a5 12. Qd1 O-O 13. Nh2 Qh4
14. Nf3 Qe7 15. Nh2 f5 16. f3 f4 17. Rf2 Qg5 18. Kh1 Bd7 19. Na3 Qh5 20. Qc2
Be7 21. Rg1 Bh4 22. Re2 Bg3 23. Be1 Qh4 24. Qd2 h5 25. Nc2 a4 26. Bf2 Rfb8 27.
Na1 Rb4 28. Rb1 Rab8 29. Qe1 Qg5 30. Nf1 h4 31. Nh2 a3 32. Nb3 axb2 33. Nxc5
Qe7 34. Na6 Be8 35. Nxb8 Rxb8 36. Rexb2 Rxb2 37. Rxb2 Qa3 38. Rd2 Nf8 39. Qb1
Nd7 40. Qb3 Qc1+ 41. Rd1 Qc3 42. Qxc3 dxc3 43. Ba7 1-0

[Event "69. UEM M2"]
[Site "Schweinfurt / Germany"]
[Date "2018.04.03"]
[Round "2.8"]
[White "Brückner, Alexander"]
[Black "Müller, Kai"]
[Result "1-0"]
[WhiteElo "1846"]
[BlackElo "1787"]
[Annotator "Lukas, Norbert"]
[PlyCount "65"]
[EventDate "2018.04.02"]
[EventType "swiss"]
[EventRounds "9"]
[EventCountry "GER"]
[SourceTitle "69. UEM"]
[Source "SK SW 2000 e.V."]
[SourceDate "2018.04.08"]
[SourceVersion "1"]
[SourceVersionDate "2018.04.08"]
[SourceQuality "1"]
[WhiteTeam "Schachklub Schweinfurt 2000 e.V."]
[BlackTeam "SC Kitzingen von 1905"]

1. e4 c5 2. Nc3 Nc6 3. d3 d6 4. Be3 g6 5. Qd2 Bg7 6. g3 Rb8 7. Bg2 Nd4 8. Nd1
f5 9. c3 Nc6 10. exf5 Bxf5 11. f4 Nf6 12. h3 c4 13. Nf2 cxd3 14. g4 Be6 15.
Qxd3 Qa5 16. Ne2 O-O 17. O-O Kh8 18. Ne4 Bxg4 19. hxg4 Nxg4 20. N2g3 Nxe3 21.
Qxe3 d5 22. Ng5 d4 23. Qe6 dxc3 24. bxc3 Bxc3 25. Rab1 Bd4+ 26. Kh2 h6 27. Qxg6
hxg5 28. Be4 Qxa2+ 29. Kh3 g4+ 30. Kxg4 Qh2 31. Rh1 Rxf4+ 32. Kxf4 Rf8+ 33. Bf5
1-0

[Event "69. UEM M2"]
[Site "Schweinfurt / Germany"]
[Date "2018.04.03"]
[Round "2.3"]
[White "Gehrig, Thomas"]
[Black "Susallek, Markus"]
[Result "1/2-1/2"]
[WhiteElo "2066"]
[BlackElo "1875"]
[Annotator "Lukas, Norbert"]
[PlyCount "37"]
[EventDate "2018.04.02"]
[EventType "swiss"]
[EventRounds "9"]
[EventCountry "GER"]
[SourceTitle "69. UEM"]
[Source "SK SW 2000 e.V."]
[SourceDate "2018.04.08"]
[SourceVersion "1"]
[SourceVersionDate "2018.04.08"]
[SourceQuality "1"]
[WhiteTeam "SC Maßbach 1951"]
[BlackTeam "SK 1928 Mömbris"]

1. d4 Nf6 2. Nf3 g6 3. e3 Bg7 4. Nbd2 d5 5. Be2 O-O 6. O-O Nbd7 7. b3 c5 8. Bb2
cxd4 9. exd4 Nb8 10. Bd3 Nc6 11. a3 Bg4 12. h3 Bxf3 13. Nxf3 Qb6 14. Re1 Rfe8
15. Qd2 Rad8 16. Rad1 Nh5 17. Bf1 Nf6 18. Bd3 Nh5 19. Bf1 1/2-1/2

[Event "69. UEM M2"]
[Site "Schweinfurt / Germany"]
[Date "2018.04.03"]
[Round "2.4"]
[White "Linz, Maximilian"]
[Black "Simon, Jonathan"]
[Result "0-1"]
[WhiteElo "1655"]
[BlackElo "2019"]
[Annotator "Lukas, Norbert"]
[PlyCount "70"]
[EventDate "2018.04.02"]
[EventType "swiss"]
[EventRounds "9"]
[EventCountry "GER"]
[SourceTitle "69. UEM"]
[Source "SK SW 2000 e.V."]
[SourceDate "2018.04.08"]
[SourceVersion "1"]
[SourceVersionDate "2018.04.08"]
[SourceQuality "1"]
[WhiteTeam "SF Zeiler Turm"]
[BlackTeam "SK 1928 Mömbris"]

1. e4 c5 2. Nc3 Nc6 3. f4 g6 4. Nf3 Bg7 5. Bb5 Nd4 6. Bc4 a6 7. a4 b6 8. O-O e6
9. d3 Ne7 10. Ne2 O-O 11. Nfxd4 cxd4 12. g4 f5 13. Ng3 d5 14. Ba2 dxe4 15. dxe4
Kh8 16. h3 b5 17. Bb3 b4 18. e5 a5 19. Qf3 Rb8 20. Rd1 Qb6 21. Qf2 Rd8 22. Ne2
Nc6 23. g5 Bf8 24. Bc4 Bc5 25. Bd3 b3 26. cxb3 Ba6 27. Qf3 Bxd3 28. Rxd3 Nb4
29. Bd2 Nxd3 30. Qxd3 Qxb3 31. Nc1 Qd1+ 32. Kg2 Rxb2 33. Ra2 Rdb8 34. Kg3 R2b3
35. Nxb3 Rxb3 0-1

[Event "69. UEM M2"]
[Site "Schweinfurt / Germany"]
[Date "2018.04.03"]
[Round "2.9"]
[White "Heller, Thomas"]
[Black "Boehl, Marius"]
[Result "0-1"]
[WhiteElo "1775"]
[BlackElo "1821"]
[Annotator "Lukas, Norbert"]
[PlyCount "88"]
[EventDate "2018.04.02"]
[EventType "swiss"]
[EventRounds "9"]
[EventCountry "GER"]
[SourceTitle "69. UEM"]
[Source "SK SW 2000 e.V."]
[SourceDate "2018.04.08"]
[SourceVersion "1"]
[SourceVersionDate "2018.04.08"]
[SourceQuality "1"]
[WhiteTeam "SV Bergtheim"]
[BlackTeam "SK 1928 Mömbris"]

1. d4 Nf6 2. Nf3 e6 3. Nbd2 d5 4. e3 Be7 5. Bd3 b6 6. b3 Bb7 7. Bb2 Nbd7 8. Rc1
O-O 9. Qe2 Ne4 10. Ba6 Bxa6 11. Qxa6 f5 12. c4 Bb4 13. a3 Bxd2+ 14. Nxd2 Nxd2
15. Kxd2 f4 16. Ke2 Qg5 17. Rhg1 fxe3 18. f3 Qh4 19. Rcf1 Qxh2 20. cxd5 exd5
21. Qd3 Rae8 22. Bc1 Qd6 23. b4 c5 24. Bb2 cxb4 25. axb4 Qxb4 26. Ba3 Qd2+ 27.
Qxd2 exd2+ 28. Kxd2 Rf7 29. Bd6 Rf6 30. Bg3 Rc6 31. Rc1 Rec8 32. Rxc6 Rxc6 33.
Rh1 b5 34. Ra1 a6 35. Be1 Nb6 36. Kd3 Nc4 37. Ra2 Re6 38. Bf2 Kf7 39. g3 Ke7
40. g4 a5 41. Bh4+ Kd7 42. Rf2 b4 43. f4 b3 44. f5 Re3# 0-1

[Event "69. UEM M2"]
[Site "Schweinfurt / Germany"]
[Date "2018.04.03"]
[Round "2.5"]
[White "Ersöz, Can"]
[Black "Heilmann, Karl Ludwig"]
[Result "1-0"]
[WhiteElo "1972"]
[BlackElo "1754"]
[Annotator "Lukas, Norbert"]
[PlyCount "65"]
[EventDate "2018.04.02"]
[EventType "swiss"]
[EventRounds "9"]
[EventCountry "GER"]
[SourceTitle "69. UEM"]
[Source "SK SW 2000 e.V."]
[SourceDate "2018.04.08"]
[SourceVersion "1"]
[SourceVersionDate "2018.04.08"]
[SourceQuality "1"]
[WhiteTeam "SV Würzburg von 1865 e.V."]
[BlackTeam "SK Gerolzhofen"]

1. e4 c5 2. Nc3 Nc6 3. f4 d6 4. Nf3 g6 5. Bc4 Bg7 6. O-O e6 7. d3 a6 8. f5 Nge7
9. Ng5 gxf5 10. exf5 Bd4+ 11. Kh1 Nxf5 12. Rxf5 exf5 13. Qh5 Qe7 14. Bd2 Ne5
15. Re1 Bxc3 16. bxc3 b5 17. Bxf7+ Kd8 18. d4 Bb7 19. dxe5 dxe5 20. Be3 Kc8 21.
Ne6 Qd7 22. Nxc5 Qc6 23. Qxf5+ Kc7 24. Qxe5+ Qd6 25. Qxd6+ Kxd6 26. Nxb7+ Kc6
27. Na5+ Kd6 28. c4 Rhf8 29. c5+ Kc7 30. Bf4+ Kd8 31. Bg5+ Kc8 32. Re7 Rd8 33.
Be6+ 1-0

[Event "69. UEM M2"]
[Site "Schweinfurt / Germany"]
[Date "2018.04.03"]
[Round "3.6"]
[White "Basel, Matthias"]
[Black "Kuhn, Norbert"]
[Result "1/2-1/2"]
[WhiteElo "2071"]
[BlackElo "2084"]
[Annotator "Lukas, Norbert"]
[PlyCount "54"]
[EventDate "2018.04.02"]
[EventType "swiss"]
[EventRounds "9"]
[EventCountry "GER"]
[SourceTitle "69. UEM"]
[Source "SK SW 2000 e.V."]
[SourceDate "2018.04.08"]
[SourceVersion "1"]
[SourceVersionDate "2018.04.08"]
[SourceQuality "1"]

1. Nf3 d5 2. c4 e6 3. d4 Nf6 4. Nc3 c5 5. cxd5 Nxd5 6. e4 Nxc3 7. bxc3 cxd4 8.
cxd4 Bb4+ 9. Bd2 Bxd2+ 10. Qxd2 O-O 11. Bc4 Nd7 12. O-O Nf6 13. Rfe1 b6 14.
Rad1 h6 15. Qe2 Re8 16. Ne5 Bb7 17. f3 Qe7 18. Qb2 Rac8 19. Qb3 Rc7 20. Rc1 Nd7
21. Ng4 Rec8 22. Rc2 Qd6 23. Qd3 e5 24. d5 b5 25. Bb3 Rxc2 26. Bxc2 Qc5+ 27.
Ne3 a5 1/2-1/2

[Event "69. UEM M2"]
[Site "Schweinfurt / Germany"]
[Date "2018.04.03"]
[Round "3.7"]
[White "Krenz, Dieter"]
[Black "Gehrig, Thomas"]
[Result "1-0"]
[WhiteElo "1893"]
[BlackElo "2066"]
[Annotator "Lukas, Norbert"]
[PlyCount "92"]
[EventDate "2018.04.02"]
[EventType "swiss"]
[EventRounds "9"]
[EventCountry "GER"]
[SourceTitle "69. UEM"]
[Source "SK SW 2000 e.V."]
[SourceDate "2018.04.08"]
[SourceVersion "1"]
[SourceVersionDate "2018.04.08"]
[SourceQuality "1"]

1. d4 Nf6 2. Nf3 d6 3. Bf4 Nbd7 4. h3 c6 5. c3 g6 6. Nbd2 Bg7 7. e4 O-O 8. Be2
Qc7 9. O-O e5 10. Bh2 b5 11. Re1 a6 12. Bf1 Bb7 13. Rc1 Rae8 14. Qc2 c5 15. Qb1
Qb6 16. dxe5 dxe5 17. Rcd1 Bc6 18. b3 Nh5 19. Qc2 Qd8 20. a4 Qf6 21. axb5 axb5
22. Ra1 Ra8 23. Kh1 Nf4 24. g3 Ne6 25. Bg2 Qe7 26. Nf1 Nb6 27. Ne3 Qc7 28. Red1
Qb7 29. Ne1 f6 30. Bg1 Rfe8 31. Rxa8 Rxa8 32. Nd5 Kf7 33. Nxb6 Qxb6 34. f3 Bf8
35. Nd3 Qc7 36. Be3 Qb7 37. Qf2 c4 38. bxc4 bxc4 39. Nc5 Bxc5 40. Bxc5 Qb3 41.
Rd6 Ra2 42. Qg1 Bb5 43. Bb4 Qc2 44. Rb6 Ba6 45. Rxe6 Kxe6 46. Qb6+ Kf7 1-0

[Event "69. UEM M2"]
[Site "Schweinfurt / Germany"]
[Date "2018.04.03"]
[Round "3.8"]
[White "Pommeranz, Mika"]
[Black "Linz, Maximilian"]
[Result "1-0"]
[WhiteElo "1795"]
[BlackElo "1655"]
[Annotator "Lukas, Norbert"]
[PlyCount "77"]
[EventDate "2018.04.02"]
[EventType "swiss"]
[EventRounds "9"]
[EventCountry "GER"]
[SourceTitle "69. UEM"]
[Source "SK SW 2000 e.V."]
[SourceDate "2018.04.08"]
[SourceVersion "1"]
[SourceVersionDate "2018.04.08"]
[SourceQuality "1"]
[WhiteTeam "SC 1930 Großwelzheim"]
[BlackTeam "SF Zeiler Turm"]

1. d4 Nf6 2. Bf4 g6 3. Nc3 Bg7 4. e4 d6 5. Qd2 b6 6. O-O-O Bb7 7. f3 Nbd7 8.
Bh6 Bxh6 9. Qxh6 e5 10. d5 a6 11. Nh3 Qe7 12. Nf2 Nc5 13. g4 Ng8 14. Qe3 Nf6
15. h4 h5 16. Be2 hxg4 17. fxg4 O-O-O 18. a3 a5 19. b4 axb4 20. axb4 Na6 21.
Bxa6 Bxa6 22. b5 Bb7 23. Na2 Nd7 24. Nb4 Rdg8 25. Nc6 Qf6 26. g5 Qf4 27. Qxf4
exf4 28. Ne7+ Kd8 29. Nxg8 Rxg8 30. Ng4 Ke7 31. Kd2 Nc5 32. Nf6 Ra8 33. Ra1 Ra4
34. Rxa4 Nxa4 35. Ra1 Nc5 36. Ra7 Kd8 37. Ke2 Kc8 38. Kf3 Kb8 39. Ra3 1-0

[Event "69. UEM M2"]
[Site "Schweinfurt / Germany"]
[Date "2018.04.03"]
[Round "3.6"]
[White "Drescher, Frank"]
[Black "Mueller, Gerhard"]
[Result "1-0"]
[WhiteElo "1950"]
[BlackElo "1799"]
[Annotator "Lukas, Norbert"]
[PlyCount "43"]
[EventDate "2018.04.02"]
[EventType "swiss"]
[EventRounds "9"]
[EventCountry "GER"]
[SourceTitle "69. UEM"]
[Source "SK SW 2000 e.V."]
[SourceDate "2018.04.08"]
[SourceVersion "1"]
[SourceVersionDate "2018.04.08"]
[SourceQuality "1"]
[WhiteTeam "SC 1947 Bergrheinfeld"]
[BlackTeam "SC Bad Königshofen 1957"]

1. d4 f5 2. g3 Nf6 3. Bg2 c6 4. Nh3 e6 5. O-O Be7 6. Nc3 d6 7. b3 Nbd7 8. Bb2
h5 9. Qd3 Nf8 10. e4 h4 11. exf5 exf5 12. d5 hxg3 13. hxg3 Ng6 14. dxc6 Ne5 15.
cxb7 Nxd3 16. bxa8=Q Nxb2 17. Nf4 Kf7 18. Rfe1 Ng4 19. Qxa7 g5 20. Rxe7+ Qxe7
21. Qxe7+ Kxe7 22. Ng6+ 1-0

[Event "69. UEM M2"]
[Site "Schweinfurt / Germany"]
[Date "2018.04.03"]
[Round "3.11"]
[White "Ullrich, Daniel"]
[Black "Heller, Thomas"]
[Result "1-0"]
[WhiteElo "1691"]
[BlackElo "1775"]
[Annotator "Lukas, Norbert"]
[PlyCount "119"]
[EventDate "2018.04.02"]
[EventType "swiss"]
[EventRounds "9"]
[EventCountry "GER"]
[SourceTitle "69. UEM"]
[Source "SK SW 2000 e.V."]
[SourceDate "2018.04.08"]
[SourceVersion "1"]
[SourceVersionDate "2018.04.08"]
[SourceQuality "1"]
[WhiteTeam "SC 1947 Bergrheinfeld"]
[BlackTeam "SV Bergtheim"]

1. d4 d5 2. c4 c6 3. Nc3 e6 4. Nf3 Nf6 5. Bg5 Be7 6. e3 Nbd7 7. Bd3 dxc4 8.
Bxc4 Nd5 9. Bxe7 Qxe7 10. Qd2 Nxc3 11. bxc3 O-O 12. Bb3 b6 13. e4 Bb7 14. O-O
Rfd8 15. Qe3 Rac8 16. Rfd1 Re8 17. Re1 c5 18. Rad1 cxd4 19. cxd4 Nf6 20. Qd3 g6
21. Nd2 Rc7 22. f3 Qd8 23. Nf1 Qc8 24. Ne3 Rd8 25. Bc4 a6 26. Bb3 b5 27. Qd2
Rcd7 28. Qb2 Ne8 29. Re2 Qc7 30. g3 Qb6 31. Red2 f6 32. Kg2 Kg7 33. Ng4 h5 34.
Nf2 Kf7 35. Nh3 g5 36. Nf2 Kg6 37. Nd3 Ng7 38. Nc5 Re7 39. Nxb7 Qxb7 40. d5 Qb6
41. Qd4 Qxd4 42. Rxd4 e5 43. R4d2 Rd6 44. g4 hxg4 45. fxg4 Rc7 46. Rc2 Rcd7 47.
Rdc1 Ne8 48. Rc8 Kf7 49. a4 Rb7 50. axb5 axb5 51. R1c6 Ke7 52. Rxe8+ Kd7 53.
Rxd6+ Kxd6 54. Re6+ Kc5 55. Rxf6 Kd4 56. d6 Kxe4 57. Rf7 Rb8 58. d7 Kd4 59. Re7
Rd8 60. Be6 1-0

[Event "69. UEM M2"]
[Site "Schweinfurt / Germany"]
[Date "2018.04.03"]
[Round "3.5"]
[White "Scholz, Michael"]
[Black "Basel, Moritz"]
[Result "0-1"]
[WhiteElo "1861"]
[BlackElo "1871"]
[Annotator "Lukas, Norbert"]
[PlyCount "98"]
[EventDate "2018.04.02"]
[EventType "swiss"]
[EventRounds "9"]
[EventCountry "GER"]
[SourceTitle "69. UEM"]
[Source "SK SW 2000 e.V."]
[SourceDate "2018.04.08"]
[SourceVersion "1"]
[SourceVersionDate "2018.04.08"]
[SourceQuality "1"]
[WhiteTeam "SK 1928 Mömbris"]
[BlackTeam "SC Kitzingen von 1905"]

1. Nf3 d5 2. b4 Qd6 3. b5 e5 4. Ba3 Qf6 5. Bb2 Bd6 6. e3 c5 7. bxc6 Nxc6 8. d3
Be6 9. Nbd2 Rc8 10. Be2 Qg6 11. c4 Nge7 12. Rc1 O-O 13. h4 f6 14. h5 Qf7 15.
Nh4 Bb4 16. Kf1 dxc4 17. Nxc4 Rfd8 18. a3 Bc5 19. g4 Nd5 20. Nf5 Bxf5 21. gxf5
b5 22. d4 Bb6 23. Nxb6 Nxb6 24. Bxb5 Qd5 25. Bxc6 Rxc6 26. Kg1 Rxc1 27. Bxc1 e4
28. Qg4 Rc8 29. Kh2 Rc2 30. Qf4 Qc6 31. Rg1 Rxc1 32. Rg3 Nd5 33. Qb8+ Qc8 34.
Qxa7 Rc7 35. Qa4 Qd7 36. Qb3 Qxf5 37. h6 g5 38. Kg2 Qe6 39. Qb8+ Rc8 40. Qb7
Ne7 41. Qb2 Nf5 42. f4 exf3+ 43. Rxf3 Nxe3+ 44. Rxe3 Qxe3 45. Qa2+ Kh8 46. Qb2
Re8 47. Qb6 Qe2+ 48. Kg1 Qe1+ 49. Kh2 Re2+ 0-1

[Event "69. UEM M2"]
[Site "Schweinfurt / Germany"]
[Date "2018.04.03"]
[Round "3.9"]
[White "Müller, Kai"]
[Black "Böckler, Michael"]
[Result "1-0"]
[WhiteElo "1787"]
[BlackElo "1730"]
[Annotator "Lukas, Norbert"]
[PlyCount "63"]
[EventDate "2018.04.02"]
[EventType "swiss"]
[EventRounds "9"]
[EventCountry "GER"]
[SourceTitle "69. UEM"]
[Source "SK SW 2000 e.V."]
[SourceDate "2018.04.08"]
[SourceVersion "1"]
[SourceVersionDate "2018.04.08"]
[SourceQuality "1"]
[WhiteTeam "SC Kitzingen von 1905"]
[BlackTeam "TSV 1928 Trappstadt SAbt."]

1. e4 d5 2. exd5 Nf6 3. Nc3 Nxd5 4. Bc4 c6 5. Nf3 Bf5 6. O-O e6 7. d4 Be7 8.
Qe2 O-O 9. Ne5 Nd7 10. Rd1 Nxe5 11. dxe5 Nxc3 12. bxc3 Qc7 13. Bf4 Rfd8 14. Bd3
Bxd3 15. cxd3 Rd7 16. d4 Rad8 17. Rd3 c5 18. Rad1 cxd4 19. cxd4 Qb6 20. Qe4 g6
21. h3 Rd5 22. Be3 Qa5 23. R3d2 b5 24. h4 Rc8 25. h5 Qa3 26. Rc2 Rcd8 27. Rd3
Qa6 28. Rdc3 b4 29. Rc6 Qb5 30. hxg6 f5 31. exf6 Bxf6 32. Qxe6+ 1-0

[Event "69. UEM M2"]
[Site "Schweinfurt / Germany"]
[Date "2018.04.03"]
[Round "3.4"]
[White "Susallek, Markus"]
[Black "Ersöz, Can"]
[Result "1/2-1/2"]
[WhiteElo "1875"]
[BlackElo "1972"]
[Annotator "Lukas, Norbert"]
[PlyCount "55"]
[EventDate "2018.04.02"]
[EventType "swiss"]
[EventRounds "9"]
[EventCountry "GER"]
[SourceTitle "69. UEM"]
[Source "SK SW 2000 e.V."]
[SourceDate "2018.04.08"]
[SourceVersion "1"]
[SourceVersionDate "2018.04.08"]
[SourceQuality "1"]
[WhiteTeam "SK 1928 Mömbris"]
[BlackTeam "SV Würzburg von 1865 e.V."]

1. e4 c5 2. Nf3 d6 3. d4 cxd4 4. Nxd4 Nf6 5. Nc3 g6 6. Be3 Bg7 7. f3 O-O 8. Qd2
Nc6 9. g4 Be6 10. Nxe6 fxe6 11. O-O-O Qc8 12. h4 Ne5 13. Be2 b5 14. Kb1 Nfd7
15. h5 Nb6 16. hxg6 Nbc4 17. Bxc4 Nxc4 18. Qh2 hxg6 19. Qh7+ Kf7 20. Bh6 Rg8
21. Bxg7 Rxg7 22. Qh6 Qc5 23. Qf4+ Kg8 24. g5 Qb4 25. Qc1 Rc8 26. Rd3 Ne5 27.
Re3 Nc4 28. Rd3 1/2-1/2

[Event "69. UEM M2"]
[Site "Schweinfurt / Germany"]
[Date "2018.04.03"]
[Round "3.7"]
[White "Boehl, Marius"]
[Black "Drewes, Thomas"]
[Result "1-0"]
[WhiteElo "1821"]
[BlackElo "1792"]
[Annotator "Lukas, Norbert"]
[PlyCount "153"]
[EventDate "2018.04.02"]
[EventType "swiss"]
[EventRounds "9"]
[EventCountry "GER"]
[SourceTitle "69. UEM"]
[Source "SK SW 2000 e.V."]
[SourceDate "2018.04.08"]
[SourceVersion "1"]
[SourceVersionDate "2018.04.08"]
[SourceQuality "1"]
[WhiteTeam "SK 1928 Mömbris"]
[BlackTeam "SV Würzburg von 1865 e.V."]

1. d4 d5 2. Nf3 Nf6 3. g3 c6 4. Bg2 e6 5. O-O Bd6 6. Nbd2 Nbd7 7. c4 Bc7 8. Qc2
Nf8 9. e4 Ng6 10. e5 Ng8 11. b3 N8e7 12. Bb2 Bd7 13. Rfd1 Rc8 14. Rac1 Bb6 15.
b4 a5 16. a3 Ba7 17. Ne1 Nf5 18. Nb3 axb4 19. axb4 dxc4 20. Qxc4 Nfe7 21. Nd3
b6 22. Ra1 Bb8 23. Nd2 Nd5 24. Qb3 O-O 25. Nc4 Qe7 26. Ra6 Bc7 27. Bxd5 exd5
28. Nxb6 Bxb6 29. Rxb6 Bh3 30. f4 h5 31. Rc1 Bd7 32. Nc5 Rfd8 33. Ra1 Be8 34.
Rb7 Rc7 35. Raa7 Rdc8 36. f5 Nf8 37. Qf3 Rxb7 38. Rxb7 Qg5 39. e6 fxe6 40. fxe6
Ng6 41. Ra7 h4 42. Ra1 Qd2 43. Bc3 Qg5 44. Rf1 hxg3 45. hxg3 Qe7 46. Bd2 Ra8
47. Qf5 Ra7 48. Rf2 Ra3 49. Qg4 Qc7 50. Kg2 Qd8 51. Bg5 Qc7 52. Bf4 Qd8 53. Qf5
Qf6 54. Qxf6 gxf6 55. Kh3 Nxf4+ 56. Rxf4 Kg7 57. Nb7 Rb3 58. Nd6 Bg6 59. e7 Re3
60. Nc8 f5 61. Rf1 Re4 62. Rc1 Re6 63. Rc5 Be8 64. Kg2 Kf6 65. Kf2 Bd7 66. Nb6
Be8 67. b5 cxb5 68. Nxd5+ Kf7 69. Nc7 b4 70. Nxe6 Kxe6 71. Re5+ Kf6 72. Ke3 Kg5
73. d5 Kf6 74. Kd4 b3 75. Re6+ Kf7 76. Kc3 Bd7 77. Re1 1-0